| 000 | 00668 a2200205 4500 | ||
|---|---|---|---|
| 999 |
_c5395 _d5395 |
||
| 020 | _a0669398659 | ||
| 050 | _aQA 303.2 LAT 1995 | ||
| 100 |
_aLaTorre, Donald R. (et al.) _eauthor |
||
| 245 |
_aCalculus concepts : _ban informal approach to the mathematics of change _cDonald LaTorre, (et al.) |
||
| 264 |
_aNew York : _bD.C. Health and Company _c1995 |
||
| 300 |
_ax, 557p. : _bill. |
||
| 500 | _aIncludes index | ||
| 650 | _aCalculus -- Texbook | ||
| 650 | _aCalculus | ||
| 700 |
_aKennelly, John W. _eauthor |
||
| 700 |
_aFetta, B. _eauthor |
||
| 700 |
_aHarris, Cynthia R. _eauthor |
||
| 700 |
_aCarpenter, Laurel L. _eauthor |
||
| 942 |
_2lcc _cBK _h303.2 _iLAT _kQA |
||